00440nam a22001337a 4500008004100000020001800041050003400059100002900093245008700122250001200209260004500221300003000266760001000296150922b xxu||||| |||| 00| 0 eng d a9781884585470 aQ 180.55 b .M4P38 2005 aPatten, Mildred L.d2002 aUnderstanding Research methodsbAn Overview of the Essentials.cMildred L. Patten a5th ed. aLos Angeles :bPyrczak Publishing,c2005 avi,138p. :bill. ;c28cm. b5thed